000 00573nam a2200217Ia 4500
005 20260429112217.0
008 260429s9999||||xx |||||||||||||| ||und||
020 _a9789348011206
041 _aEnglish
082 _a305.5688082
_bPRE
100 _aLata, Prem
245 0 _aDalit women :
_bcaste, class and gender violence in India /
_cPrem Lata
260 _aNew Delhi :
_bAsia Publishers,
_c2025.
300 _avi, 280 p.; hb
650 _a Dalit women
650 _a Dalits
650 _a India
650 _a Social levels
650 _aPeople
942 _cTB
999 _c52911
_d52911